Problem solving in PASCAL for engineers and scientists (Record no. 66556)

000 -LEADER
fixed length control field 00835pam a2200253 a 4500
001 - CONTROL NUMBER
control field 3381637
003 - CONTROL NUMBER IDENTIFIER
control field NUST - PNEC
005 - DATE AND TIME OF LATEST TRANSACTION
control field 20170116180956.0
008 - FIXED-LENGTH DATA ELEMENTS--GENERAL INFORMATION
fixed length control field 880128s1988 caua 001 0 eng
010 ## - LIBRARY OF CONGRESS CONTROL NUMBER
LC control number 88004026
020 ## - INTERNATIONAL STANDARD BOOK NUMBER
International Standard Book Number 0805325336
040 ## - CATALOGING SOURCE
Transcribing agency LIBRARY
082 00 - DEWEY DECIMAL CLASSIFICATION NUMBER
Classification number 005.133 ETT
100 1# - MAIN ENTRY--PERSONAL NAME
Personal name Etter, Delores M.
Fuller form of name (Delores Maria),
Dates associated with a name 1947-
245 10 - TITLE STATEMENT
Title Problem solving in PASCAL for engineers and scientists
Statement of responsibility, etc. D.M. Etter.
260 ## - PUBLICATION, DISTRIBUTION, ETC.
Place of publication, distribution, etc. Menlo Park, Calif. :
Name of publisher, distributor, etc. Benjamin/Cummings,
Date of publication, distribution, etc. c1988.
300 ## - PHYSICAL DESCRIPTION
Extent xxv, 556, [106] p. :
Other physical details ill. ;
Dimensions 24 cm.
440 #0 - SERIES STATEMENT/ADDED ENTRY--TITLE
Title Benjamin/Cummings series in structured programming
500 ## - GENERAL NOTE
General note Includes index.
650 #0 - SUBJECT ADDED ENTRY--TOPICAL TERM
Topical term or geographic name entry element Pascal (Computer program language)
General subdivision MIS
650 #0 - SUBJECT ADDED ENTRY--TOPICAL TERM
Topical term or geographic name entry element Problem solving
General subdivision Data processing.
906 ## - LOCAL DATA ELEMENT F, LDF (RLIN)
a 7
b cbc
c orignew
d 1
e ocip
f 19
g y-gencatlg
942 ## - ADDED ENTRY ELEMENTS (KOHA)
Source of classification or shelving scheme
Koha item type Book
Holdings
Withdrawn status Lost status Source of classification or shelving scheme Damaged status Not for loan Permanent Location Current Location Shelving location Date acquired Total Checkouts Full call number Barcode Date last seen Price effective from Koha item type
          Pakistan Navy Engineering College (PNEC) Pakistan Navy Engineering College (PNEC)       005.133 ETT PNECLIB-013334 10/01/2015   Book
© 2023 Central Library, National University of Sciences and Technology. All Rights Reserved.